000
00391nam a2200121Ia 4500
008
151001s9999||||xx |||||||||||||| ||und||
100
_a
सुमन क्षेत्रमाडे
245
_a
हिंदी कवयित्रियों के प्रेम गीत
250
_a
1
260
_b
हिंद पॉकेट बुक्स
300
_a
108
365
_b
16
999
_c
960731
_d
960728